Normal view
MARC view
- سوہرروی،کامران اعظم
Entry Personal Name
001 - CONTROL NUMBER
- control field: 121276
003 - CONTROL NUMBER IDENTIFIER
- control field: NUST
005 - DATE AND TIME OF LATEST TRANSACTION
- control field: 20240226094701.0
008 - FIXED-LENGTH DATA ELEMENTS
- fixed length control field: 240226|| aca||aabn | a|a d
040 ## - CATALOGING SOURCE
- Original cataloging agency: NUST
- Transcribing agency: NUST
100 ## - HEADING--PERSONAL NAME
- Personal name: سوہرروی،کامران اعظم
670 ## - SOURCE DATA FOUND
- Source citation: Work cat.: (NUST): سوہرروی،کامران اعظم, تاريخ کراچی, 2013.
